Statistiken für Emojis Schlager Ballermann Bierkönig Edition

Klicken Sie hier um das Quiz zu spielen!

Allgemein

  • Dieses Quiz wurde 460 mal gespielt
    (434 seit der letzten Aktualisierung)
  • Das Durchschnittsergebnis liegt bei 11 aus 27

Antwortstatistiken

VeröffentlichungHintAntwort% Korrekt
1974🇬🇷🍷Griechischer Wein
79%
2007🐎🔴Das rote Pferd
74%
2022🚂❌🛑Der Zug hat keine Bremse
72%
1976🛏️🌾Ein Bett im Kornfeld
69%
2018🍺👨‍✈️🌊⚓️Bierkapitän
60%
2018👩🟢Cordula Grün
56%
2010❤️🎁📷Schatzi schenk mir ein Foto
54%
2022🏩🔞🚼♥️🛌🤱Layla
52%
2022✈️🍻🥳🎉Dicht im Flieger
51%
2016👩👙🥔🥔🥔🥗Dicke Titten Kartoffelsalat
48%
2017🍻🌞🕐🍺🌇🕒🍻🌃🕖🍻Saufen Morgens Mittags Abends
46%
2014🍺🏃‍♂️Geh mal Bier holen
43%
2007👉🍑🇲🇽Finger im Po – Mexiko
42%
2000🍆2️⃣0️⃣📏❌20 Zentimeter
41%
1999🤴👑🏖️🌴🍹König von Mallorca
37%
2006🚂1️⃣8️⃣🕌🇹🇷Heute fährt die 18 bis nach Istanbul
33%
2017👨🏿‍🦱🏖️🕶️🕶️🕶️Hallo Helmut
32%
2000👋👶Hey Baby
31%
2019⛷️🎿🏔️💊💊Abfahrt
29%
2013💩🖕🌴🎉Scheiß drauf
29%
2001🔟👙💇‍♀️Zehn nackte Friseusen
26%
1997🤔🦅🤷‍♂️Weiß der Geier
23%
2016🎥: 🧑🏻🏴‍☠️🦜Johnny Däpp
22%
2018👩‍👧‍👦🚗💨🏎️🏁🏆Mama Lauda
19%
2008😴🇳🇱🧀🌷Traum von Amsterdam
16%
2013💨😮➡️🌃💃🎶Atemlos durch die Nacht
15%
2001🎉🌴👩👩👩🍺Party Palmen Weiber und ein Bier
9%

Verteilung der Resultate

Perzentil nach korrekt beantworteten Fragen

Anzahl Personen mit jedem Resultat

Ihre Resultats-Entwicklung

Sie haben dieses Quiz seit der letzten Aktualisierung nicht gespielt